000 00438nam a2200181Ia 4500
001 4989
005 20260306145835.0
008 260306t2016||||xx |||||||||||||| ||spa||
041 _aESP
082 _a332.4985
_bC265
100 _aContreras Carranza, Carlos
_eAUT
245 0 _aHistoria de la moneda en el Perú
260 _c2016
300 _a500 páginas :
_c24 cm.
650 _aGEN
654 _aCAN
942 _cLIB
_dJUS
_fJUS
_2ddc
_n
999 _c4989
_d4989